دافيد كوبر فيلد / (Record no. 12461)
[ view plain ]
| 000 -الفاتح | |
|---|---|
| حقل البيانات ثابتة الطول | 01451nam a22003377a 4500 |
| 003 - محدد رقم الضبط | |
| رقم الضبط | EG-ScBUE |
| 005 - وقت وتاريخ اخر تعامل مع التسجيلة | |
| رقم الضبط | 20211125130114.0 |
| 008 - عناصر البيانات ثابتة الطول - معلومات عامة | |
| حقل البيانات ثابتة الطول | 090728s2004 ua f 000 f ara d |
| 017 ## - رقم الإيداع القانونى | |
| رقم الإيداع القانونى | 2004 / 11354 |
| 020 ## - الرقم الدولى المعيارى للكتب | |
| الرقم الدولى المعيارى للكتاب | 9770190969 |
| 040 ## - مصدر الفهرسة | |
| وكالة الفهرسة الأصلية | EG-ScBUE |
| لغة الفهرسة | ara |
| قواعد الوصف | rda |
| وكالة النسخ | EG-ScBUE |
| وكالة التعديل | EG-ScBUE |
| 041 1# - رمز اللغة | |
| رمز لغة النص/ المسارات الصوتية أو العنوان الانفرادي | ara |
| رمز لغة الترجمات و/او الاصلية المتوسطة للنص | eng |
| 082 04 - رقم تصنيف ديوى العشرى | |
| رقم التصنيف | 823.8 |
| رقم المادة | د ي ك |
| رقم الطبعة | 22 |
| 100 1# - المدخل الرئيسى - إسم شخصى | |
| 9 (RLIN) | 8236 |
| الإسم الشخصى | ديكنز، تشارلز، |
| التواريخ المصاحبة للاسم | 1812-1870، |
| الدور | مؤلف. |
| 245 10 - بيان العنوان | |
| العنوان | دافيد كوبر فيلد / |
| بيان المسئوليه,etc | تأليف تشارلس ديكنز ؛ تبسيط مايكل وست ؛ ترجمة مختار السويفي ؛ مراجعة محمد العزب موسى. |
| 264 #1 - النشر، التوزيع | |
| مكان الناشر او الموزع | القاهرة : |
| اسم الناشر او الموزع | الهيئة المصرية العامة للكتاب، |
| تاريخ النشر أو التوزيع | 2004. |
| 300 ## - الوصف المادى | |
| التعداد | 327 صفحة ؛ |
| أبعاد الوعاء | 17 سم. |
| 336 ## - نوع المحتوى | |
| source | rdacontent |
| Carrier Type Term | نص |
| Content Type Code | txt |
| 337 ## - نوع الوسيط | |
| source | rdamedia |
| Media Type Term | بدون وسيط |
| Media Type Code | n |
| 338 ## - نوع الحامل أو الناقل | |
| source | rdacarrier |
| Carrier Type Term | مجلد |
| Carrier Type Code | nc |
| 490 0# - بيان السلسلة | |
| عنوان السلسلة | مكتبة الأسرة. |
| -- | روائع الأدب العالمي للناشئين |
| 546 ## - تبصرة اللغة | |
| تبصرة اللغة | النص باللغة العربية وتم ترجمته من اللغة الإنجليزية. |
| 650 #7 - المدخل الاضافى بالموضوع-مصطلح موضوعى | |
| 9 (RLIN) | 8223 |
| مصطلح موضوعي أو اسم جغرافي كعنصر مدخل | القصص الإنجليزية |
| التقسيم الفرعي الزمني | قرن 19. |
| مصدر الرأس أو المصطلح | BUEsh |
| 651 ## - المدخل الاضافى بالموضوع - اسم جغرافى | |
| مصدر الرأس أو المصطلح | BUEsh |
| 653 ## - مصطلح تكشيفى غير مقيد | |
| Resource For college | Humanities: English |
| Arrived date list | November2021 |
| 655 ## - مصطلح تكشيفى-نوع/شكل | |
| التقسيم الفرعي الشكلي | Reading book |
| -- | 34232 |
| 700 1# - المدخل الاضافى - اسم شخصى | |
| الإسم الشخصى | وست، مايكل، |
| الدور | مؤلف. |
| 700 1# - المدخل الاضافى - اسم شخصى | |
| الإسم الشخصى | السويفي، مختار، |
| الدور | مترجم. |
| 700 1# - المدخل الاضافى - اسم شخصى | |
| الإسم الشخصى | موسى، محمد العزب، |
| الدور | مراجع. |
| 9 (RLIN) | 40625 |
| 942 ## - عناصر المدخل الإضافي( كوها) | |
| مصدر التصنيف او مخطط الترفيف | Dewey Decimal Classification |
| Koha [default] item type | Book - Borrowing |
| حالة التراجع | حالة الفقد | مصدر التصنيف او خطة الترفيف | حالة تلف | ليس للاعارة | المكان الدائم | المكان الحالي | موقع الترفيف | تاريخ الاكتساب | رقم الاستدعاء | الباركود | Date last seen | مُعار | نوع الوعاء | مجموعات كوها | Source of acquisition |
|---|---|---|---|---|---|---|---|---|---|---|---|---|---|---|---|
| Dewey Decimal Classification | Central Library | Central Library | Second Floor | 28/07/2009 | 823.8 د ي ك | 000017157 | 15/07/2025 | 03/10/2017 | Book - Borrowing | ||||||
| Dewey Decimal Classification | Central Library | Central Library | Second Floor | 28/07/2009 | 823.8 د ي ك | 000017161 | 15/07/2025 | 02/03/2022 | Book - Borrowing | Baccah | Purchase |